02495nam a2200457Ii 4500001001100000003000800011006001900019007001500038008004100053020001800094020001500112035002100127040002600148043001200174050001700186245017900203250001200382264005900394300003400453336002600487337002600513338003600539490002300575504005400598505080500652650006101457650001801518650002901536655002201565700003101587700003901618700002201657791003601679830004101715793006901756856007101825910003401896942000801930952008001938999001902018DIGPUZ2265NyNyDIGm o d cr |||||||||||120225s2007 sp ob 000 0 spa d z9788477339700 z8477339708 a(OCoLC)656284105 aDGITAbengepncDGITA ae-sp---14aPQ6055 eBook00aSimbolismo y hermetismo :baproximación a la modernidad estética /cLuis Beltrán Almería y José Luis Rodríguez García (coords.) ; Massaud Moisés ... [et al.]. a1a. ed. 1aZaragoza :bPrensas Universitarias de Zaragoza,c2007. a1 online resource (184 pages) atextbtxt2rdacontent acomputerbc2rdamedia aonline resourcebcr2rdacarrier1 aHumanidades ;v65. aIncludes bibliographical references (p. 179-180).0 aHermetismo y simolismo : aproximaciones / Massud Moisés -- La razón de ser del hermético (Artud, Celan, Deleuze) / José Luis Rodríguez García -- La modernidad estética / Domingo Ródenas de Moya -- Actualidad del hermetismo / Alberto del Pozo Martínez -- Ficcionarlidad y hermetismo / Antonio Garrido Domínguez -- Simbolismo, modernismo y hermetismo / Luis Beltrán Almería -- Tres calas en el simoblismos hispánico del siglo XX : Valle y Barroja, Castellet, Gaomneda / Fernando Romo Feito -- Trazas herméticas en la últma narrativa española / Angel GarcIa Galiano -- Hermes en Eros : la obra de Ignacio Gómez de Liaño / César GarcIa Alvarez -- Hermetismo, símbolos, y filosofía práctica : la composición musical de la persona / Ignacio Gómez de Liaño. 0aSpanish literaturey20th centuryxHistory and criticism. 0aHermeneutics. 0aSymbolism in literature. 0aElectronic books.1 aBeltrán Almería, Luis.1 aRodríguez García, José Luis.1 aMoisés, Massaud2 aDigitalia (Firm),edistributor. 0aHumanidades (Zaragoza, Spain) ;v65.0 gDigitalia eBook Collection:aPrensas Universitarias de Zaragoza.403Digitalia Hispánicauhttps://www.digitaliapublishing.com/a/2163/ aPremium Collection: 2007-2012 cRAA 001040708DEHaBD-UINbBD-UINd2025-04-25l0r2025-04-25w2025-04-25yRAA c230390d230390